000 00492nam a2200181Ia 4500
001 1661
005 20260306143744.0
008 260306t2015||||xx |||||||||||||| ||spa||
041 _aESP
082 _a153.93
_bA66
100 _aAragón Borja, Laura Edna
_eAUT
245 0 _aEvaluación psicológica:
_bhistoria, fundamentos teórico-conceptuales y psicometría
260 _c2015
300 _aviii, 141 páginas :
_c23 cm.
650 _aGEN
654 _aCPS
942 _cLIB
_dJUS
_fJUS
_2ddc
_n
999 _c1661
_d1661